[Event "Torshavn Kjolur op"]
[Site "Torshavn"]
[Date "2023.01.29"]
[Round "6"]
[White "Gregersen, Hedin"]
[Black "Jacobsen, Markus"]
[Result "1-0"]
[WhiteElo "1925"]
[BlackElo "1420"]
[PlyCount "39"]
[EventDate "2023.01.27"]
[EventType "swiss"]
[EventRounds "7"]
[EventCountry "FAI"]
[SourceTitle "EXT 2024"]
[Source "ChessBase"]
[SourceDate "2023.10.10"]
[SourceVersion "1"]
[SourceVersionDate "2023.10.10"]
[SourceQuality "1"]

1. Nf3 b5 2. g3 Bb7 3. Bg2 c5 4. 0-0 Nf6 5. d3 e6 6. a4 b4 7. e4 d6 8. Re1 Nbd7 9. Bf4 e5 10. Bc1 g6 11. d4 Qc7 12. d5 a5 13. Nbd2 0-0-0 14. c3 Nh5 15. cxb4 axb4 16. Bf1 h6 17. a5 Ng7 18. Qa4 Re8 19. Bb5 Ba8 20. Nc4 1-0

[Event "Torshavn Rokur op"]
[Site "Torshavn"]
[Date "2023.01.15"]
[Round "7"]
[White "Gregersen, Hedin"]
[Black "Jacobsen, Markus"]
[Result "1-0"]
[WhiteElo "1925"]
[BlackElo "1420"]
[PlyCount "30"]
[EventDate "2023.01.13"]
[EventType "swiss"]
[EventRounds "7"]
[EventCountry "FAI"]
[SourceTitle "EXT 2024"]
[Source "ChessBase"]
[SourceDate "2023.10.10"]
[SourceVersion "1"]
[SourceVersionDate "2023.10.10"]
[SourceQuality "1"]

1. Nf3 Nf6 2. g3 g6 3. Bg2 Bg7 4. 0-0 d5 5. d3 0-0 6. Nbd2 b6 7. e4 dxe4 8. Ng5 Bb7 9. Ndxe4 Nxe4 10. Nxe4 h6 11. Nf6+ Bxf6 12. Bxb7 Bg7 13. Bxa8 c6 14. Qf3 Qd7 15. d4 Rc8 1-0

[Event "FAI-chT2 2021"]
[Site "Faroe Islands"]
[Date "2021.02.28"]
[Round "9.2"]
[White "Gregersen, Hedin"]
[Black "Guttesen, Joannes"]
[Result "1-0"]
[WhiteElo "1804"]
[BlackElo "1766"]
[PlyCount "43"]
[EventDate "2020.10.04"]
[EventType "team-tourn"]
[EventRounds "10"]
[EventCountry "FAI"]
[SourceTitle "EXT 2022"]
[Source "ChessBase"]
[SourceDate "2021.10.06"]
[SourceVersion "1"]
[SourceVersionDate "2021.10.06"]
[SourceQuality "1"]
[WhiteTeam "Klaksvik III"]
[BlackTeam "Havnin III"]
[WhiteTeamCountry "FAI"]
[BlackTeamCountry "FAI"]

1. e4 c5 2. Nf3 d6 3. d4 cxd4 4. Nxd4 Nf6 5. Nc3 a6 6. h3 e6 7. g4 Qc7 8. g5 Nfd7 9. Bg2 Nc6 10. 0-0 Nxd4 11. Qxd4 b6 12. Be3 Bb7 13. a4 Rc8 14. f4 Qc4 15. Qd2 Be7 16. f5 exf5 17. exf5 Bxg2 18. Qxg2 f6 19. Nd5 Qxc2 20. Rf2 Qc6 21. Rc1 Qb7 22. Nxf6+ 1-0

[Event "FAI-chT2 2021"]
[Site "Faroe Islands"]
[Date "2021.02.07"]
[Round "7.2"]
[White "Andreasen, Jakup a Rogvi"]
[Black "Gregersen, Hedin"]
[Result "1-0"]
[WhiteElo "1978"]
[BlackElo "1804"]
[PlyCount "119"]
[EventDate "2020.10.04"]
[EventType "team-tourn"]
[EventRounds "10"]
[EventCountry "FAI"]
[SourceTitle "EXT 2022"]
[Source "ChessBase"]
[SourceDate "2021.10.06"]
[SourceVersion "1"]
[SourceVersionDate "2021.10.06"]
[SourceQuality "1"]
[WhiteTeam "Vestmanna"]
[BlackTeam "Klaksvik III"]
[WhiteTeamCountry "FAI"]
[BlackTeamCountry "FAI"]

1. Nf3 Nf6 2. g3 g6 3. Bg2 Bg7 4. 0-0 0-0 5. d4 d6 6. c4 Nc6 7. Nc3 e5 8. d5 Ne7 9. e4 a5 10. Ne1 Nd7 11. Nd3 b6 12. Be3 f5 13. Qd2 fxe4 14. Nxe4 Nf5 15. Bg5 Nf6 16. Rae1 Nxe4 17. Bxe4 Qe8 18. Qd1 Nd4 19. f3 Bh3 20. Rf2 Qd7 21. Be3 Nf5 22. Bc1 Rf7 23. b3 Raf8 24. a3 Rf6 25. Bb2 g5 26. g4 Nh4 27. Re3 h5 28. gxh5 Bh6 29. Re1 g4 30. f4 Bxf4 31. Nxf4 Rxf4 32. Rxf4 Rxf4 33. Bc1 Rxe4 34. Rxe4 Qf5 35. Qe2 Nf3+ 36. Kh1 Nh4 37. Re3 Bf1 38. Qd1 Kh8 39. Kg1 Bh3 40. Qd3 Nf3+ 41. Rxf3 Qxf3 42. Qxf3 gxf3 43. Kf2 Bf5 44. Kxf3 Bc2 45. Ke3 Bxb3 46. Kd3 b5 47. cxb5 Bxd5 48. Bd2 Bg2 49. Bxa5 Bf1+ 50. Ke4 Bxb5 51. Bxc7 Bc6+ 52. Ke3 Kh7 53. Bxd6 Kh6 54. Bxe5 Kxh5 55. Kd4 Kg6 56. Kc5 Ba4 57. Kb4 Bd1 58. a4 Kf5 59. Bg3 Ke6 60. a5 1-0

[Event "FAI-ch"]
[Site "Runavik"]
[Date "2020.10.31"]
[Round "7"]
[White "Berg, Margar"]
[Black "Gregersen, Hedin"]
[Result "1/2-1/2"]
[WhiteElo "1912"]
[BlackElo "1804"]
[PlyCount "111"]
[EventDate "2020.10.23"]
[EventType "tourn"]
[EventRounds "7"]
[EventCountry "FAI"]
[SourceTitle "CBM 199 Extra"]
[Source "ChessBase"]
[SourceDate "2021.01.31"]
[SourceVersion "1"]
[SourceVersionDate "2021.01.31"]
[SourceQuality "1"]

1. d4 g6 2. Nf3 Bg7 3. g3 Nf6 4. Bg2 0-0 5. 0-0 d6 6. c4 Nbd7 7. Nc3 Re8 8. b4 e5 9. dxe5 dxe5 10. Qb3 c6 11. a4 a5 12. Ba3 e4 13. Ng5 e3 14. f4 h6 15. Nf3 Ne4 16. Nxe4 Bxa1 17. Nd6 Bg7 18. c5 Rf8 19. b5 Nf6 20. Ne5 Be6 21. Qxe3 Ng4 22. Nxg4 Bxg4 23. bxc6 bxc6 24. Bxc6 Ra7 25. Qd3 Qf6 26. e4 Qd4+ 27. Qxd4 Bxd4+ 28. Kg2 Rc7 29. Nb5 Rxc6 30. Nxd4 Rcc8 31. Nb5 Rfd8 32. Nd6 Rc7 33. Rc1 Rxd6 34. cxd6 Rxc1 35. Bxc1 Bd7 36. Bd2 Bxa4 37. Bxa5 Kf8 38. Kf3 Ke8 39. Ke3 Kd7 40. Bb4 f5 41. g4 fxg4 42. f5 gxf5 43. exf5 h5 44. Kf4 Bb3 45. Kg5 Bf7 46. Kf6 Be8 47. Kg7 h4 48. f6 g3 49. h3 g2 50. Bc5 Kc6 51. Bg1 Kxd6 52. f7 Bxf7 53. Kxf7 Ke5 54. Kg6 Kf4 55. Bh2+ Kf3 56. Kg5 1/2-1/2

[Event "FAI-ch"]
[Site "Runavik"]
[Date "2020.10.25"]
[Round "4"]
[White "Gregersen, Hedin"]
[Black "Danielsen, Andrias"]
[Result "1-0"]
[WhiteElo "1804"]
[BlackElo "1886"]
[PlyCount "79"]
[EventDate "2020.10.23"]
[EventType "tourn"]
[EventRounds "7"]
[EventCountry "FAI"]
[SourceTitle "CBM 199 Extra"]
[Source "ChessBase"]
[SourceDate "2021.01.31"]
[SourceVersion "1"]
[SourceVersionDate "2021.01.31"]
[SourceQuality "1"]

1. g3 g6 2. Bg2 Bg7 3. e4 d6 4. d4 Nf6 5. Nc3 0-0 6. Nge2 c6 7. 0-0 Nbd7 8. h3 e5 9. d5 c5 10. f4 exf4 11. gxf4 a6 12. a4 Nh5 13. Qe1 Rb8 14. Bf3 b5 15. axb5 axb5 16. Bxh5 gxh5 17. Kh2 b4 18. Nd1 c4 19. Rg1 Kh8 20. Rxg7 Kxg7 21. Be3 Rg8 22. Ng3 Nf6 23. Bd4 Kf8 24. Ne3 h4 25. Ngf5 Nxe4 26. Ra7 Rg6 27. Ne7 Rg3 28. N3f5 Bxf5 29. Nxf5 Ng5 30. fxg5 Qxg5 31. Rxf7+ Kxf7 32. Qe6+ Kf8 33. Qxd6+ Kf7 34. Qe6+ Kf8 35. Bg7+ Qxg7 36. Nxg7 b3 37. c3 Ra8 38. Qf6+ Kg8 39. Nf5 h5 40. Nxg3 1-0

[Event "FAI-ch"]
[Site "Runavik"]
[Date "2020.10.23"]
[Round "1"]
[White "Gregersen, Hedin"]
[Black "Nolsoe, Rani"]
[Result "1/2-1/2"]
[WhiteElo "1804"]
[BlackElo "2061"]
[PlyCount "64"]
[EventDate "2020.10.23"]
[EventType "tourn"]
[EventRounds "7"]
[EventCountry "FAI"]
[SourceTitle "CBM 199 Extra"]
[Source "ChessBase"]
[SourceDate "2021.01.31"]
[SourceVersion "1"]
[SourceVersionDate "2021.01.31"]
[SourceQuality "1"]

1. g3 e5 2. c4 Nf6 3. Bg2 d5 4. cxd5 Nxd5 5. Nc3 Nb6 6. Nf3 Nc6 7. 0-0 Be7 8. d3 0-0 9. a3 Be6 10. b4 f6 11. Ne4 a5 12. Nc5 Bxc5 13. bxc5 Nd5 14. Bb2 Qd7 15. Rb1 a4 16. Re1 Rfd8 17. Ba1 Ra7 18. e4 Nde7 19. d4 exd4 20. e5 fxe5 21. Nxe5 Nxe5 22. Rxe5 Nc6 23. Re1 Bd5 24. Bf1 Qf5 25. Bd3 Qf8 26. Qh5 h6 27. Qg6 Qf7 28. Qh7+ Kf8 29. Be4 Qg8 30. Qg6 Qf7 31. Qh7 Qg8 32. Qg6 Qf7 1/2-1/2

[Event "FAI-chT2 1920"]
[Site "Faroe Islands"]
[Date "2019.10.13"]
[Round "1.4"]
[White "Nielsen, Jon I Horni"]
[Black "Gregersen, Hedin"]
[Result "0-1"]
[WhiteElo "1738"]
[BlackElo "1758"]
[PlyCount "58"]
[EventDate "2019.10.13"]
[EventType "team-tourn"]
[EventRounds "10"]
[EventCountry "FAI"]
[SourceTitle "CBM 195 Extra"]
[Source "ChessBase"]
[SourceDate "2020.05.31"]
[SourceVersion "1"]
[SourceVersionDate "2020.05.31"]
[SourceQuality "1"]
[WhiteTeam "Sandavagur II"]
[BlackTeam "Klaksvik II"]
[WhiteTeamCountry "FAI"]
[BlackTeamCountry "FAI"]

1. e4 d6 2. d4 Nf6 3. Nc3 g6 4. Bd3 Bg7 5. Nge2 0-0 6. 0-0 Nc6 7. h3 Nb4 8. Be3 Nxd3 9. Qxd3 b6 10. Ng3 a5 11. Nce2 Ba6 12. c4 d5 13. exd5 Nxd5 14. b3 Nxe3 15. fxe3 c5 16. Rad1 cxd4 17. exd4 Qc7 18. Nc3 Rad8 19. d5 e6 20. Nge2 Qc5+ 21. Kh1 b5 22. Ne4 Qb4 23. Nd2 bxc4 24. bxc4 exd5 25. Rb1 dxc4 26. Qxd8 Rxd8 27. Rxb4 axb4 28. Ne4 c3 29. Re1 c2 0-1

[Event "Helsingor Xtracon op"]
[Site "Helsingor"]
[Date "2019.07.20"]
[Round "1"]
[White "Gregersen, Hedin"]
[Black "Weber, Samuel"]
[Result "0-1"]
[WhiteElo "1728"]
[BlackElo "2203"]
[PlyCount "56"]
[EventDate "2019.07.20"]
[EventType "swiss"]
[EventRounds "10"]
[EventCountry "DEN"]
[SourceTitle "CBM 191 Extra"]
[Source "ChessBase"]
[SourceDate "2019.09.30"]
[SourceVersion "1"]
[SourceVersionDate "2019.09.30"]
[SourceQuality "1"]

1. c4 Nf6 2. Nc3 g6 3. e4 d6 4. Nge2 Bg7 5. g3 0-0 6. Bg2 e5 7. 0-0 Be6 8. d3 Nc6 9. f4 exf4 10. gxf4 Bg4 11. h3 Bxe2 12. Nxe2 Nh5 13. f5 Nd4 14. Nxd4 Bxd4+ 15. Kh2 Qe7 16. Qg4 Qe5+ 17. Bf4 Nxf4 18. Rxf4 Qxf4+ 19. Qxf4 Be5 20. Qxe5 dxe5 21. Kg3 Rfd8 22. Rd1 Rd6 23. c5 Rd4 24. Kf3 a5 25. Ke3 a4 26. Rc1 Rb4 27. Rc2 a3 28. b3 Rxb3 0-1

[Event "FAI-chT 1819"]
[Site "Faroe Islands"]
[Date "2019.02.24"]
[Round "7.3"]
[White "Gregersen, Hedin"]
[Black "Morkore, Rogvi"]
[Result "1-0"]
[WhiteElo "1674"]
[BlackElo "1417"]
[PlyCount "61"]
[EventDate "2018.10.28"]
[EventType "team-tourn"]
[EventRounds "10"]
[EventCountry "FAI"]
[SourceTitle "CBM 189 Extra"]
[Source "ChessBase"]
[SourceDate "2019.06.03"]
[SourceVersion "1"]
[SourceVersionDate "2019.06.03"]
[SourceQuality "1"]
[WhiteTeam "Klaksvik"]
[BlackTeam "Kollafjordjur"]
[WhiteTeamCountry "FAI"]
[BlackTeamCountry "FAI"]

1. c4 Nf6 2. g3 e6 3. Bg2 d5 4. Nf3 Nc6 5. 0-0 Be7 6. Nc3 0-0 7. d4 b6 8. cxd5 exd5 9. Bg5 Bb7 10. Ne1 Ne4 11. Nxe4 dxe4 12. Bxe7 Qxe7 13. e3 Ba6 14. Rc1 Bxf1 15. Bxf1 Nb4 16. Qa4 a5 17. a3 Nd5 18. Rc6 Rfd8 19. Qc2 f5 20. Bc4 Ra7 21. Qb3 Qd7 22. Bb5 Qf7 23. Ng2 Kf8 24. Qc2 Rd6 25. Rxd6 cxd6 26. Bc4 Qb7 27. Qb3 a4 28. Qb5 Ne7 29. Nf4 d5 30. Ne6+ Kf7 31. Nd8+ 1-0

[Event "FAI-chT3 1516"]
[Site "Faroe Islands"]
[Date "2015.10.31"]
[Round "1.2"]
[White "Petersen, Helgi L"]
[Black "Gregersen, Hedin"]
[Result "1/2-1/2"]
[WhiteElo "1417"]
[BlackElo "1741"]
[PlyCount "93"]
[EventDate "2015.10.31"]
[EventType "team-tourn"]
[EventRounds "7"]
[EventCountry "FAI"]
[SourceTitle "EXT 2017"]
[Source "ChessBase"]
[SourceDate "2016.10.25"]
[SourceVersion "1"]
[SourceVersionDate "2016.10.25"]
[SourceQuality "1"]
[WhiteTeam "Toftir II"]
[BlackTeam "Klaksvik III"]
[WhiteTeamCountry "FAI"]
[BlackTeamCountry "FAI"]

1. e4 d6 2. d4 Nf6 3. Nc3 g6 4. Nf3 Bg7 5. Be3 0-0 6. h3 c6 7. Bc4 b5 8. Bd3 Nbd7 9. a3 a6 10. Qd2 c5 11. Bh6 cxd4 12. Nxd4 Bb7 13. Bxg7 Kxg7 14. f3 Rc8 15. Nce2 Qb6 16. Qb4 e5 17. Nb3 Nc5 18. Qd2 Rfd8 19. Nc3 d5 20. Nxc5 Qxc5 21. Qf2 d4 22. Ne2 b4 23. 0-0 a5 24. Rfc1 Qd6 25. Qe1 Rc6 26. axb4 axb4 27. b3 Ra8 28. Rxa8 Bxa8 29. Ra1 Bb7 30. Ra7 Ba6 31. Bxa6 Rxa6 32. Rxa6 Qxa6 33. Qd2 Nd7 34. Kh2 Qd6 35. Nc1 Nb8 36. Nd3 Nc6 37. Kg1 Qb8 38. Kf2 Qb6 39. Ke2 Qa5 40. Kd1 Qa1+ 41. Qc1 Qxc1+ 42. Kxc1 Kh6 43. Kd2 f5 44. g3 fxe4 45. fxe4 Kg5 46. Nf2 h5 47. h4+ 1/2-1/2